Southville International School and Colleges
Your cart is empty.
  • Cart
  • Lists
    Public lists Eva Luna New books Lux_list list_1
    Your lists Log in to create your own lists
  • Log in to your account
  • Your cookies
  • Search history
Southville International School and Colleges
  • Advanced search
  • Recent comments
  • Most popular
  • Libraries

Log in to your account

Log in with GOOGLE


If you do not have an external account, but do have a local account, you can still log in:

  1. Home
  2. MARC view: Fire star /
Normal view MARC view ISBD view

Fire star / (Record no. 34235)

[ view plain ]
MARC details
000 -LEADER
fixed length control field 01758cam a22003973a 4500
001 - CONTROL NUMBER
control field 14621289
003 - CONTROL NUMBER IDENTIFIER
control field OSt
005 - DATE AND TIME OF LATEST TRANSACTION
control field 20140310184421.0
008 - FIXED-LENGTH DATA ELEMENTS--GENERAL INFORMATION
fixed length control field 061102r20072005nyu c 000 1 eng d
010 ## - LIBRARY OF CONGRESS CONTROL NUMBER
LC control number 2006281585
020 ## - INTERNATIONAL STANDARD BOOK NUMBER
International Standard Book Number 0439901855 (pbk.)
020 ## - INTERNATIONAL STANDARD BOOK NUMBER
International Standard Book Number 9780439901857
035 ## - SYSTEM CONTROL NUMBER
System control number (OCoLC)ocm71781829
040 ## - CATALOGING SOURCE
Original cataloging agency TDS
Transcribing agency TDS
Modifying agency DLC
050 00 - LIBRARY OF CONGRESS CALL NUMBER
Classification number PZ 7
Item number .D6475Fs 2008
100 1# - MAIN ENTRY--PERSONAL NAME
Personal name D'Lacey, Chris.
9 (RLIN) 24502
245 10 - TITLE STATEMENT
Title Fire star /
Statement of responsibility, etc Chris D'Lacey.
260 ## - PUBLICATION, DISTRIBUTION, ETC. (IMPRINT)
Place of publication, distribution, etc New York :
Name of publisher, distributor, etc Orchard Books
Date of publication, distribution, etc 2008.
300 ## - PHYSICAL DESCRIPTION
Extent 548 p. ;
Dimensions 19 cm.
500 ## - GENERAL NOTE
General note Sequel to: Icefire.
500 ## - GENERAL NOTE
General note Sequel: The Fire Eternal.
520 ## - SUMMARY, ETC.
Summary, etc David Rain is faced with the most perilous task yet when Gwilanna returns, this time determined to resurrect the dragon Gawain on the ice cap of the Tooth of Ragnar, unless David and her friends can stop her.
521 ## - TARGET AUDIENCE NOTE
Target audience note
526 ## - STUDY PROGRAM INFORMATION NOTE
Reading level 830
562 ## - COPY AND VERSION IDENTIFICATION NOTE
Number of copies For Circulation. 1 Copy Available in the Collection
650 #0 - SUBJECT ADDED ENTRY--TOPICAL TERM
Topical term or geographic name as entry element Paranormal fiction.
9 (RLIN) 4995
650 #0 - SUBJECT ADDED ENTRY--TOPICAL TERM
Topical term or geographic name as entry element Bears
Form subdivision Juvenile fiction.
9 (RLIN) 26687
650 #0 - SUBJECT ADDED ENTRY--TOPICAL TERM
Topical term or geographic name as entry element Dragons
Form subdivision Juvenile fiction.
9 (RLIN) 26688
650 #0 - SUBJECT ADDED ENTRY--TOPICAL TERM
Topical term or geographic name as entry element Authorship
Form subdivision Juvenile fiction.
9 (RLIN) 26689
650 #0 - SUBJECT ADDED ENTRY--TOPICAL TERM
Topical term or geographic name as entry element Boardinghouses
Form subdivision Juvenile fiction.
9 (RLIN) 26690
651 #0 - SUBJECT ADDED ENTRY--GEOGRAPHIC NAME
Geographic name Arctic Regions
Form subdivision Juvenile fiction.
9 (RLIN) 26691
906 ## - LOCAL DATA ELEMENT F, LDF (RLIN)
a 7
b cbc
c copycat
d 2
e ncip
f 20
g y-gencatlg
942 ## - ADDED ENTRY ELEMENTS (KOHA)
Source of classification or shelving scheme Library of Congress Classification
Koha item type
Holdings
Withdrawn status Lost status Source of classification or shelving scheme Damaged status Home library Current library Shelving location Date acquired Source of acquisition Total Checkouts Full call number Barcode Date last seen Copy number Price effective from Koha item type
    Library of Congress Classification   Luxembourg Library Luxembourg Library Scholastic Reading Center Section 10/09/2013 Donation   PZ 7 .D6475Fhm 2008 LEX1060 04/18/2017 1 10/09/2013 Books

Fire star /

APA

D'Lacey C., . (2008). Fire star. New York: Orchard Books.

Chicago

D'Lacey Chris, . 2008. Fire star. New York: Orchard Books.

Harvard

D'Lacey C., . (2008). Fire star. New York: Orchard Books.

MLA

D'Lacey Chris, . Fire star. New York: Orchard Books. 2008.

  • Place hold
  • Print
  • Cite
  • Add to your cart (remove)
  • Save record
    BIBTEX Dublin Core MARCXML MARC (non-Unicode/MARC-8) MARC (Unicode/UTF-8) MARC (Unicode/UTF-8, Standard) MODS (XML) RIS
  • More searches
    Search for this title in:
    Other Libraries (WorldCat) Other Databases (Google Scholar) Online Stores (Bookfinder.com) Open Library (openlibrary.org)

Exporting to Dublin Core...

SOUTHVILLE LIBRARY

Southville International School and Colleges Library

1281 Tropical Ave. Cor. Luxembourg St., BF Homes International, Las Pinas City

Tel. No. 8256374 / 252358 Loc. 117/146

Powered by Koha